000 00558cam a2200145 4500500
005 20251228072920.0
041 _afre
042 _adc
100 1 0 _aWarren, Jean-Philippe
_eauthor
245 0 0 _aJocelyn MACLURE, Récits identitaires. Le Québec à l’épreuve du pluralisme, préf. de Charles Taylor, Montréal, Québec-Amérique, 2000, 219 p.
260 _c2005.
500 _a41
786 0 _nCités | 23 | 3 | 2005-09-01 | p. 245h-272h | 1299-5495
856 4 1 _uhttps://shs.cairn.info/revue-cites-2005-3-page-245h?lang=fr&redirect-ssocas=7080
999 _c1594434
_d1594434